QUEST Central Library Banner

Introduction to Wireless and Mobile Systems (Record no. 5299)

MARC details
000 -LEADER
fixed length control field 00679nam a2200229 a 4500
003 - CONTROL NUMBER IDENTIFIER
control field PK-NaQUE
005 - DATE AND TIME OF LATEST TRANSACTION
control field 20250918102603.0
008 - FIXED-LENGTH DATA ELEMENTS--GENERAL INFORMATION
fixed length control field 250918b ||||| |||| 00| 0 eng d
020 ## - INTERNATIONAL STANDARD BOOK NUMBER
International Standard Book Number 1439062056 (hardcover)
020 ## - INTERNATIONAL STANDARD BOOK NUMBER
International Standard Book Number 9781439062050 (hardcover)
040 ## - CATALOGING SOURCE
Transcribing agency QUEST
100 1# - MAIN ENTRY--PERSONAL NAME
Personal name Agrawal, Dharma P.
245 10 - TITLE STATEMENT
Title Introduction to Wireless and Mobile Systems
250 ## - EDITION STATEMENT
Edition statement 3rd ed.
260 ## - PUBLICATION, DISTRIBUTION, ETC. (IMPRINT)
Place of publication, distribution, etc [S.l.] :
Name of publisher, distributor, etc Cengage Learning,
Date of publication, distribution, etc 2012.
300 ## - PHYSICAL DESCRIPTION
Extent 608 p. ;
650 ## - SUBJECT ADDED ENTRY--TOPICAL TERM
Topical term or geographic name as entry element Mobile Communication Systems
650 ## - SUBJECT ADDED ENTRY--TOPICAL TERM
Topical term or geographic name as entry element Wireless Communication Systems
700 1# - ADDED ENTRY--PERSONAL NAME
Personal name Zeng, Qing-An.
856 40 - ELECTRONIC LOCATION AND ACCESS
Uniform Resource Identifier <a href="http://10.10.170.122:8080/browse/book/28381">http://10.10.170.122:8080/browse/book/28381</a>
Link text Download eBook
942 ## - ADDED ENTRY ELEMENTS (KOHA)
Koha item type Books
Source of classification or shelving scheme Dewey Decimal Classification
Holdings
Withdrawn status Lost status Damaged status Not for loan Home library Current library Date acquired Cost, normal purchase price Total Checkouts Full call number Barcode Date last seen Koha item type Price effective from Collection code Date checked out
        Central Library, QUEST, Nawabshah Central Library, QUEST, Nawabshah 05/06/2014 1280.00   621.384AGR 47148 05/06/2014 Books 05/06/2014    
        Central Library, QUEST, Nawabshah Central Library, QUEST, Nawabshah 05/06/2014 1280.00   621.384AGR 47113 05/06/2014 Books 05/06/2014    
        Central Library, QUEST, Nawabshah Central Library, QUEST, Nawabshah 14/10/2014 676.00   621.38456AGR 34537 14/10/2014 Books 14/10/2014    
        Reference Section Reference Section 14/10/2014 676.00 1 621.38456AGR (Shelf - 60A) 34535 16/05/2018 Books   Reference 10/08/2015
        Reference Section Reference Section 14/10/2014 676.00   621.38456AGR (Shelf - 60A) 34536 14/10/2014 Books   Reference  
        Central Library, QUEST, Nawabshah Stacks area 05/06/2014 1280.00   621.384AGR 47147 05/06/2014 Books      
        Central Library, QUEST, Nawabshah Stacks area 05/06/2014 1280.00   621.384AGR 47149 05/06/2014 Books      
        Central Library, QUEST, Nawabshah Stacks area 05/06/2014 1280.00   621.384AGR 47114 05/06/2014 Books      
        Central Library, QUEST, Nawabshah Stacks area 14/10/2014 676.00   621.38456AGR 34538 14/10/2014 Books      
        Central Library, QUEST, Nawabshah Stacks area 14/10/2014 676.00   621.38456AGR 34539 14/10/2014 Books      
        Central Library, QUEST, Nawabshah Stacks area 14/10/2014 676.00   621.38456AGR 34540 14/10/2014 Books      

Copyright © 2018,The QUEST, Nawabshah, Shaheed Benazirabad. All rights reserved
Mr. G. Farooq Channar (Librarian) QUEST, Nawabshah, Sindh, Pakistan 67480.
 Ph#: |   0244-9370381-4 Ext. 2308   Email| lib@quest.edu.pk   Web|  http://www.quest.edu.pk